<?xml version="1.0" encoding="UTF-8"?>
<record
    xmlns:xsi="http://www.w3.org/2001/XMLSchema-instance"
    xsi:schemaLocation="http://www.loc.gov/MARC21/slim http://www.loc.gov/standards/marcxml/schema/MARC21slim.xsd"
    xmlns="http://www.loc.gov/MARC21/slim">

  <leader>01953cam a2200289 a 4500</leader>
  <controlfield tag="001">000018235</controlfield>
  <controlfield tag="005">20200929165420.0</controlfield>
  <controlfield tag="008">701026s1970    ilu      b    001 0 eng d</controlfield>
  <datafield tag="020" ind1=" " ind2=" ">
    <subfield code="a">0226263460</subfield>
  </datafield>
  <datafield tag="040" ind1=" " ind2=" ">
    <subfield code="a">DO-SdBNP</subfield>
    <subfield code="c">DLC</subfield>
    <subfield code="d">DLC</subfield>
    <subfield code="d">BNPHU</subfield>
  </datafield>
  <datafield tag="082" ind1=" " ind2=" ">
    <subfield code="a">839.69</subfield>
    <subfield code="b">S193b</subfield>
  </datafield>
  <datafield tag="245" ind1="0" ind2="0">
    <subfield code="a">Samuel Beckett now :</subfield>
    <subfield code="b">critical approaches to his novels, poetry, and plays. /</subfield>
    <subfield code="c">Edited and with an introd. by Melvin J. Friedman.</subfield>
  </datafield>
  <datafield tag="260" ind1=" " ind2=" ">
    <subfield code="a">Chicago ;</subfield>
    <subfield code="a">London, :</subfield>
    <subfield code="b">University of Chicago,</subfield>
    <subfield code="c">1970.</subfield>
  </datafield>
  <datafield tag="300" ind1=" " ind2=" ">
    <subfield code="a">xii, 275 p. ;</subfield>
    <subfield code="c">23 cm.</subfield>
  </datafield>
  <datafield tag="500" ind1=" " ind2=" ">
    <subfield code="a">With the exception of three essays, an earlier form of this book appeared in French as Configuration critique de Samuel Beckett.</subfield>
  </datafield>
  <datafield tag="504" ind1=" " ind2=" ">
    <subfield code="a">Includes bibliographical references.</subfield>
  </datafield>
  <datafield tag="500" ind1=" " ind2=" ">
    <subfield code="a">Includes index</subfield>
  </datafield>
  <datafield tag="505" ind1="0" ind2=" ">
    <subfield code="a">Introduction, by M. J. Friedman.--The elusive ego: Beckett's M's, by F. J. Hoffman.--Robbe-Grillet as a critic of Samuel Beckett, by B. Morrissette.--The strange world of Beckett's "grands articules," by G. Bree.--Black humor: the pockets of Lemuel Gulliver and Samuel Beckett, by E. Kern.--Beckettian paradox: who is telling the truth? By R. Federman.--Adventures of the first person, by R. Champigny.--Molloy or the quest for meaninglessness: a global interpretation, by D. Hayman.--Interpreting Molloy, by J. Fletcher.--A poet's initiation, by L. E. Harvey.--The laughter of sad Samuel Beckett, by R. Cohn.--Beckett's metaphysics of choiceless awareness, by R. Lamont.--Samuel Beckett: a checklist of criticism, by J. R. Bryer (p. 219-259)</subfield>
  </datafield>
  <datafield tag="600" ind1="1" ind2="0">
    <subfield code="a">BECKETT, SAMUEL,</subfield>
    <subfield code="d">1906-1989</subfield>
    <subfield code="x">CR&#xCD;TICA E INTERPRETACI&#xD3;N</subfield>
    <subfield code="9">33185</subfield>
  </datafield>
  <datafield tag="650" ind1=" " ind2="4">
    <subfield code="a">Autores irlandeses</subfield>
    <subfield code="x">Cr&#xED;tica e interpretaci&#xF3;n</subfield>
    <subfield code="9">39485</subfield>
  </datafield>
  <datafield tag="650" ind1=" " ind2="4">
    <subfield code="a">Poes&#xED;a irlandesa</subfield>
    <subfield code="x">Historia y cr&#xED;tica</subfield>
    <subfield code="9">39486</subfield>
  </datafield>
  <datafield tag="650" ind1=" " ind2="4">
    <subfield code="a">Novela irlandesa</subfield>
    <subfield code="x">Historia y cr&#xED;tica</subfield>
    <subfield code="9">39487</subfield>
  </datafield>
  <datafield tag="650" ind1=" " ind2="4">
    <subfield code="a">Literatura irlandesa</subfield>
    <subfield code="x">Historia y cr&#xED;tica</subfield>
    <subfield code="y">SIGLO XX</subfield>
    <subfield code="9">39488</subfield>
  </datafield>
  <datafield tag="700" ind1="1" ind2=" ">
    <subfield code="a">Friedman, Melvin J.,</subfield>
    <subfield code="e">ed.</subfield>
    <subfield code="9">39489</subfield>
  </datafield>
  <datafield tag="910" ind1=" " ind2=" ">
    <subfield code="a">Catalogaci&#xF3;n derivada</subfield>
  </datafield>
  <datafield tag="049" ind1=" " ind2=" ">
    <subfield code="a">BNGR</subfield>
  </datafield>
  <datafield tag="952" ind1=" " ind2=" ">
    <subfield code="0">0</subfield>
    <subfield code="1">0</subfield>
    <subfield code="5">3</subfield>
    <subfield code="7">2</subfield>
    <subfield code="8">MO</subfield>
    <subfield code="a">GR</subfield>
    <subfield code="b">GR</subfield>
    <subfield code="c">CT</subfield>
    <subfield code="d">2010-04-21</subfield>
    <subfield code="i">LF1</subfield>
    <subfield code="l">0</subfield>
    <subfield code="o">839.69 S193b</subfield>
    <subfield code="p">18235-10</subfield>
    <subfield code="r">2020-06-25</subfield>
    <subfield code="t">e. 1</subfield>
    <subfield code="w">2020-06-25</subfield>
    <subfield code="y">1</subfield>
    <subfield code="Z">No se presta</subfield>
  </datafield>
  <datafield tag="999" ind1=" " ind2=" ">
    <subfield code="c">17756</subfield>
    <subfield code="d">17756</subfield>
  </datafield>
</record>
